UEFA Champions League: 50+ Goal Contributions (2000-) - Statistics

General Stats
  • This quiz has been taken 31 times
  • The average score is 21 of 22
Answer Stats
Ranking Player Positions Nationality Matches Goals (assists) Periods Clubs % Correct
14 Antoine Griezmann MF, FW 105 42 (15) 2013-2025
100%
1 Cristiano Ronaldo MF, FW 183 140 (45) 2003-2022
100%
15 Didier Drogba FW 93 44 (13) 2003-2015
100%
17 Erling Haaland FW 48 49 (5) 2019-2025
100%
20 Harry Kane FW 57 40 (11) 2016-2019, 2022-2025
100%
4 Karim Benzema FW 152 90 (28) 2005-2023
100%
6 Kylian Mbappé MF, FW 87 55 (24) 2016-2025
100%
2 Lionel Messi MF, FW 163 129 (41) 2004-2023
100%
21 Luis Suárez FW 73 27 (23) 2010-2011, 2014-2022
100%
12 Mohamed Salah MF, FW 88 47 (17) 2013-2015, 2017-2022, 2024-2025
100%
3 Robert Lewandowski FW 133 105 (21) 2011-2025
100%
13 Thierry Henry FW 95 42 (20) 2000-2009, 2011-2012
100%
5 Thomas Müller MF, FW 163 57 (28) 2008-2025
100%
8 Zlatan Ibrahimović FW 124 48 (25) 2002-2015, 2017-2018, 2021-2022
100%
11 Ángel Di María MF, FW 116 24 (40) 2007-2008, 2010-2013, 2015-2025
96%
7 Neymar MF, FW 81 43 (33) 2013-2023
96%
18 Kaká MF, FW 85 30 (22) 2003-2007, 2009-2014
92%
9 Raúl FW 97 50 (19) 2000-2011
92%
10 Ruud van Nistelrooy FW 63 48 (17) 2001-2010
92%
16 Ryan Giggs MF, FW 109 18 (37) 2000-2014
92%
22 Sergio Agüero FW 79 41 (9) 2008-2009, 2011-2022
92%
19 Vinicius Júnior MF, FW 68 29 (22) 2018-2025
81%
No matching quizzes found
Score Distribution
Percent of People with Each Score
Percentile by Number Answered
Your Score History
You have not taken this quiz